000 00702cam a2200229 4500
001 sa 68017410
003 DLC
005 20260227112702.0
008 710517s1967 ii 00000 eng
010 _asa 68017410 //r83
025 _aPL480:I-E-10620
041 1 _aengund
050 0 _aBL1226.3
_b.A5313
082 _a894/.811/11
100 0 0 _aĀṇṭāḷ.
240 1 0 _aTiruppāvai.
_lEnglish
245 1 4 _aThe divine song of Goda.
_cEnglish translation of Andal's Tiruppavai with transliteration by V. K. Varadachari.
260 0 _a[Madras,
_bVisual Graphics; distributors: Higginbothams,
_c1967]
300 _a63 p.
_c18 cm.
350 _a1.75
700 1 1 _aVaradachari, V. K.,
_d1923-
_etr.
999 _c87706
_d87706